000 00625nam a22002177a 4500
003 UA-OsUOA
001 117994
007 ta
008 20160704b un ||||| |||| 00| 0 ukr d
100 _aСафарян С.
090 _a82
_bС21
942 _cSA
040 _aUA-OsUOA
_bukr
_cUA-OsUOA
_dUA-OsUOA
245 _aСвоєрідність німецького бароко
300 _aС.6-10
955 _a0
041 _aukr
080 _a82
773 0 _w117992
_tІноземні мови в школах України
_dК.
_d2016
_g3
650 7 _a82 Література. Літературознавство
_2UDC
999 _c404037
_d404037